[Event "US Chess Senior Women's Championship 202"]
[Site "Salt Lake City, UT, USA"]
[Date "2025.11.15"]
[Round "3"]
[White "Airapetian, Chouchanik"]
[Black "Skidmore, Jennifer M"]
[Result "1-0"]
[Annotator "Ralph Dubisch"]
[WhiteElo "1894"]
[BlackElo "1968"]
[WhiteFideId "-1"]
[BlackFideId "-1"]
[PlyCount "115"]
[GameId "2264918900469842"]
[EventDate "2025.??.??"]
[SourceVersionDate "2026.01.27"]

{[%evp 0,115,25,16,25,12,72,62,61,62,51,51,48,35,31,40,51,18,40,12,61,59,49,40,31,36,62,51,48,64,90,76,97,79,123,127,260,277,267,269,261,256,300,211,233,215,211,197,241,214,212,161,165,148,138,101,91,91,176,176,167,199,177,150,128,87,103,46,113,103,158,150,150,179,124,92,146,159,137,157,156,70,113,105,39,22,3,0,0,22,63,103,104,167,167,93,322,168,277,124,155,131,134,128,28787,29984,29985,186,29989,29990,29991,29990,29991,29992,29997,29998,29999,29999]} 1. e4 e5 2. Nf3 d6 3. d4 Nf6 (3... exd4 {will likely transpose to the game after} 4. Nxd4 ({, but} 4. Qxd4) ({and} 4. Bc4 {head in other directions.})) 4. Nc3 ({By choosing this move order, Black appears to be inviting the other main line:} 4. dxe5 Nxe4 5. Qd5 Nc5 6. Bg5 {, when} Be7 ({or} 6... Qd7 7. exd6 Bxd6 8. Nc3 O-O 9. O-O-O $14) 7. exd6 Qxd6 8. Nc3 $14 {seems a bit better for White.}) 4... exd4 5. Nxd4 Be7 6. Bc4 ({Perfectly acceptable, but} 6. Be2) (6. g3) ({and} 6. Bf4 {are seen more often.}) 6... O-O 7. O-O c5 $6 ({Creating a backward pawn on d6 and a weak potential outpost for White on d5. Something approaching equality can be found defending} 7... c6) (7... Nc6 $5) ({or perhaps even} 7... Nxe4 {.}) 8. Nde2 a6 9. a4 Nc6 10. Nf4 Re8 11. Nfd5 Nxd5 12. Nxd5 Bf8 13. Re1 Be6 14. Bf4 Nd4 $6 15. Ra3 (15. a5) (15. c3) 15... Rc8 (15... b5) 16. Rg3 b5 $2 (16... Kh8) 17. Bg5 $1 Qa5 (17... Bxd5 18. Bxd8 Bxc4 {is another way to gift the queen.}) 18. b4 $1 ({White wins the queen, but even stronger is} 18. Nf6+ $3 Kh8 (18... gxf6 19. Bxf6+ Bg7 20. Rxg7+ Kf8 21. Rxh7 {and mate follows.}) 19. c3 Be7 (19... Bxc4 20. Qh5 h6 21. Bxh6 g6 22. Bxf8+ gxh5 23. Bg7# {is a pretty mate.}) 20. Bxe6 Nxe6 21. Nxe8 $18) 18... Bxd5 (18... cxb4 19. Nf6+ Kh8 20. Qh5 {checkmates soon. White's 18.b4 was needed first to interfere on the a5-e1 diagonal.}) 19. bxa5 Bxc4 20. axb5 axb5 21. Ra3 (21. Bf6 $16 {Things have been going White's way so far. Now Black starts to put up stiff resistance, and control slips a bit.}) 21... b4 22. Ra4 Bb5 23. Ra1 Ra8 24. Bf4 Bc4 25. e5 d5 26. Re3 g6 27. Kh1 Ne6 28. Bg3 d4 29. Re1 Red8 30. Bh4 Rd7 31. Qf3 ({Stockfish's} 31. f4 {is a little too subtle for me. One idea is} Nxf4 32. Qf3 {forces} Nd5 {, when} 33. Qg4 Rda7 34. e6 {offers open lines and some edge.}) 31... Bd5 32. Qg3 Bh6 33. Red1 Nf4 $6 (33... c4 {. Black's advanced pawns are becoming dangerous.}) 34. f3 ({Stockfish again suggests clearance with} 34. e6 $14) 34... Ne2 $2 (34... Ne6 $13) 35. Qg4 Rda7 36. Bf6 Nc3 37. Rf1 Be6 38. Qh4 Bf8 39. Bd8 Nd5 40. f4 Ne3 41. Bb6 Nxf1 42. Rxf1 Rxa5 43. Bxa5 Rxa5 44. g4 Bd5+ 45. Kg1 Ra2 (45... Ra8 46. f5 $14 {Now things again turn decisively in White's favor.}) 46. Qd8 Be4 47. Re1 Bf3 48. e6 fxe6 49. Rxe6 $6 (49. f5 $1 $18) 49... Ra8 50. Qc7 Bxg4 51. Rf6 Bf5 52. Qf7+ Kh8 53. Rc6 $2 ({There's an important tempo gain here that avoids the possible defense in the next note.} 53. Ra6 $3 {, intending 54.Ra7 and forced mate after rook moves along the eighth rank.}) 53... b3 $4 ({Black must defend against the checkmate and attempt to build a fortress:} 53... Bg7 54. Rxc5 Rf8 55. Qe7 (55. Rxf5 gxf5 56. Qb7 d3 57. cxd3 {is a slightly different version.}) (55. Qc4 d3 56. cxd3 b3) 55... d3 56. Rc7 Rg8 57. cxd3 b3 58. Qb4 b2 59. Rxg7 Rxg7 60. Qb8+ Rg8 61. Qxb2+ Rg7 62. Qb8+ Rg8 63. Qe5+ Rg7 64. d4 $14 {Lots of work still to do here.}) 54. Rc7 g5 55. Qf6+ Kg8 56. Qxf5 Bg7 57. Qf7+ Kh8 58. Qxg7# 1-0

[Event "19th Annual SPICE Cup Open"]
[Site "Bellevue, WA, 98004, USA"]
[Date "2025.11.21"]
[Round "3"]
[White "Karthikeyan, Harishkumar"]
[Black "Pisan, Kai"]
[Result "1-0"]
[Annotator "Ralph Dubisch"]
[WhiteElo "1948"]
[BlackElo "2003"]
[WhiteFideId "-1"]
[BlackFideId "-1"]
[PlyCount "65"]
[GameId "2264921307026065"]
[EventDate "2025.??.??"]
[SourceVersionDate "2026.01.27"]
[WhiteTeam "USA"]
[BlackTeam "USA"]
[WhiteClock "0:52:30"]
[BlackClock "0:19:14"]

{[%evp 0,65,25,16,61,57,49,36,44,31,41,41,44,27,37,24,27,-3,23,5,35,20,45,39,39,34,30,36,30,26,90,73,74,82,106,61,62,60,69,71,91,51,81,38,89,53,64,60,53,60,61,70,57,38,9,7,4,0,0,0,112,151,2344,29982,29983,29984,29985,29986]} 1. e4 c6 2. d4 d5 3. Nc3 dxe4 4. Nxe4 Nf6 5. Nxf6+ exf6 6. c3 Bd6 7. Bd3 O-O 8. Qc2 Re8+ 9. Ne2 h5 10. O-O h4 11. h3 Nd7 12. Bf4 Nf8 (12... Rxe2 $2 13. Qxe2 Bxf4 14. Qe4 $16) 13. Bxd6 Qxd6 14. Rae1 c5 $6 ({This looks like a freeing move, almost standard in many roughly similar central structures. Here, however, it doesn't serve to free anything in Black's position. It does open the position a little, but that slightly favors White, with better development, as well as giving the e2-knight a nice central outpost on d4. Also, in a long-term general sense, it's easier to defend a three versus four queenside structure than a two versus three.} 14... g6) 15. dxc5 Qxc5 16. Nd4 Be6 17. Qa4 ({With} 17. Re4 $1 g5 18. f4 {White's advantage is growing.}) 17... Bd7 18. Qb3 Be6 (18... b6) 19. Nxe6 Nxe6 20. Qa4 (20. Bc4 $14) 20... Qd6 (20... Rad8 21. Re3 Qg5 $13) 21. Re3 (21. Bb5 Red8 22. Qxh4 $14) 21... g5 22. Rd1 Qf4 23. Re4 Qc7 24. Re3 Qf4 (24... Kg7 $13) 25. Re4 Qc7 26. Bb1 Red8 27. Ree1 Rxd1 28. Qxd1 Rd8 29. Qh5 Rd2 $6 (29... Nf8) 30. Qh6 $1 Nf8 31. Bh7+ $1 (31. Qxf6 $6 Qf4 {is only a relatively small edge for White.}) 31... Kh8 32. Bc2+ $1 {This pretty bishop maneuver guards the back rank.} Kg8 33. Re8 1-0

[Event "19th Annual SPICE Cup Open"]
[Site "Seattle, WA, US"]
[Date "2025.11.19"]
[Round "1"]
[White "Nyzhnyk, Illya"]
[Black "Vemparala, Nikash"]
[Result "0-1"]
[Annotator "Ralph Dubisch"]
[WhiteElo "2544"]
[BlackElo "2193"]
[WhiteFideId "-1"]
[BlackFideId "-1"]
[PlyCount "72"]
[GameId "2264921306624602"]
[EventDate "2025.??.??"]
[SourceVersionDate "2026.01.27"]
[WhiteTeam "UKR"]
[BlackTeam "USA"]
[WhiteClock "0:09:59"]
[BlackClock "0:01:35"]

{[%evp 0,72,25,13,13,-10,-10,2,18,18,23,23,19,18,13,22,14,-35,-27,-22,-16,-31,-34,-80,-37,-31,-41,-39,-31,-66,-55,-75,-35,-89,-93,-88,-62,-76,-58,-43,-35,-52,-52,-29,-19,-107,-73,-116,-80,-121,-59,-49,19,-10,-28,-44,-37,-69,-60,-71,-133,-98,-95,-87,-103,-83,-109,-129,-137,-243,-189,-184,0,-434,-455]} 1. d4 d5 2. c4 e6 3. Nf3 Nf6 4. Nc3 h6 ({Rare.} 4... Be7) ({,} 4... c6 {, and about a bazillion other moves are more common. 4...h6 is understandable, though. It does no real harm, and avoids all of the lines that players might prepare involving the standard Bg5 for White.}) 5. g3 Nc6 6. Bg2 Bd6 7. O-O O-O 8. h3 ({This one I don't get. There's an appreciable weakening of the king position, and it doesn't appear to threaten or prevent anything.} 8. b3 {makes more sense.}) 8... dxc4 9. e4 e5 {This central counter is consistent with Black's ...Nc6/...Bd6; so much so that one wonders why White allowed it. Possible was a change of structure back around move seven: 7.c5!? Be7 8.Bf4!?, perhaps.} 10. d5 $6 ({Releases tension and makes it hard for White to recover the gambit pawn. White can maintain the tension with something like} 10. Be3 {, which even makes 8.h3 look reasonable, as both ...Ng4 and ...Bg4 are discouraged.}) 10... Na5 11. Nd2 c6 12. dxc6 bxc6 13. Qe2 Be6 14. f4 Bc5+ 15. Kh2 Qd3 {Black is satisfied with a small, safe, advantage out of the opening. Very practical.} 16. Qe1 exf4 17. gxf4 Rfe8 18. e5 Bd5 19. Nxd5 Nxd5 20. Ne4 Bb4 21. Qf2 c3 22. Ng3 (22. Rg1 $13 {White's bishop-pair and activity are compensation for the pawn.}) 22... cxb2 (22... Nc4 $5 23. Be4 (23. bxc3 Bxc3 24. Be4 Qd4 25. Qxd4 Bxd4 26. Rb1) 23... cxb2 24. Bxb2 Qd2 $13) 23. Bxb2 Ne3 24. Rg1 Rad8 25. Ne4 Kf8 ({Stockfish believes Black has plenty of compensation for the exchange in the line} 25... Nac4 26. Nf6+ Kf8 27. Nxe8 Bc5 {.}) (25... Kh8 $13 {is also reasonable.}) 26. a3 (26. e6 $5) 26... Be7 27. f5 Bg5 28. Bc3 Nac4 29. Bb4+ (29. e6 {is still plausible.}) 29... Kg8 30. e6 fxe6 31. Nxg5 hxg5 32. Bxc6 exf5 33. Bxe8 Rxe8 34. Rae1 g4 35. Bc5 f4 $6 ({The engine loves Black's compensation after} 35... Re6 {.}) 36. Bxe3 $4 (36. Qxf4 $13) 36... g3+ 0-1

[Event "19th SPICE Cup Blitz"]
[Site "Seattle, WA, US"]
[Date "2025.11.23"]
[Round "7"]
[White "Aziz Degenbaev"]
[Black "Illia Nyzhnyk"]
[Result "1-0"]
[Annotator "Ralph Dubisch"]
[WhiteElo "2393"]
[BlackElo "2608"]
[WhiteFideId "-1"]
[BlackFideId "-1"]
[PlyCount "61"]
[GameId "2264921340089197"]
[EventDate "2025.??.??"]
[EventType "blitz"]
[SourceVersionDate "2026.01.27"]
[WhiteClock "0:01:01"]
[BlackClock "0:00:04"]

{[%evp 0,61,25,24,54,38,79,63,55,38,30,23,55,48,47,39,32,5,58,52,44,43,33,29,38,29,10,32,32,24,25,17,13,-5,12,18,24,14,41,58,68,61,73,71,99,107,82,76,82,85,84,84,81,67,76,59,63,63,483,445,481,490,499,413]} 1. e4 c5 2. Nf3 d6 3. d4 cxd4 4. Nxd4 Nf6 5. Nc3 a6 6. Be3 e5 7. Nb3 Be6 8. h3 (8. f3 {is the main move here.}) 8... h5 9. Qf3 (9. f4 $5) 9... Nbd7 10. O-O-O Rc8 11. Rg1 h4 12. g4 hxg3 13. fxg3 Be7 ({Black has a promising (even if the theme is rather well-known) exchange sacrifice here.} 13... Rxc3 $1 14. bxc3 Qc7 15. Rd3 Qc6 16. Bg2 Be7 {Black might threaten to occupy c4 with a knight (...Nb6), essentially forcing White to exchange the e3-bishop. Or, with ...Qa4, force the king to b2 and try ...Nc5, as the b3-knight would be pinned to the a2-pawn. White must wait passively for an opportunity to give back material, but those doubled, isolated pawns, not to mention the other pawn weaknesses, wiil still be there.}) 14. g4 Nh7 15. Kb1 Ng5 ({Once again,} 15... Rxc3 16. bxc3 Ng5 {looks promising.} 17. Bxg5 Bxg5 18. Rxd6 Qc7 {seems to give Black compensation for the exchange and a pawn. White might try returning some material now:} 19. Rxe6+ fxe6 20. Rh1 {, but after} Nb6 {the knight is swinging to a4.}) 16. Bxg5 Bxg5 17. Rxd6 Qc7 18. Rd1 b5 19. Bd3 g6 20. Rh1 Kf8 21. Nd5 Qa7 22. h4 Rxh4 (22... Bxh4 23. g5 (23. Ne3 Rh6 24. Rh2 Bg5 25. Rxh6 Bxh6 $13) 23... Kg7 24. Ne7 Bxg5 (24... Rce8 25. Nf5+ gxf5 26. exf5 {with favorable complications for White:} Bxb3 27. f6+ Kf8 28. axb3 Qb6 29. Qg4 Nxf6 30. Qb4+ Kg7 31. gxf6+ Qxf6 32. Rdf1 Qd8 33. Qg4+ {and the black king is in jeopardy. In fact, Stockfish now thinks} Bg5 34. Bh7 $1 {is best, and White is winning.}) 25. Nxc8 Rxc8 {. One of these exchange sacrifices is not like the others... Black doesn't have quite enough for the material.}) 23. Rxh4 Bxh4 24. Rh1 g5 25. Rf1 Kg7 26. Nf6 Rf8 27. Nxd7 Qxd7 28. Qf6+ Kh7 $4 ({Black cracks. Necessary was} 28... Kg8 29. Nc5 (29. Qxe5 {is also possible.}) 29... Qd6 30. Nxe6 Qxe6 31. b4 {White is still better, but perhaps not yet winning.}) 29. Nc5 Qd8 30. Nxe6 Qxf6 31. Nxf8+ 1-0

[Event "19th SPICE Cup Rapid Championship"]
[Site "Seattle, WA, US"]
[Date "2025.11.24"]
[Round "4"]
[White "Willy, Stephen"]
[Black "Porter, Ryan W"]
[Result "1-0"]
[Annotator "Ralph Dubisch"]
[WhiteElo "2246"]
[BlackElo "2200"]
[WhiteFideId "-1"]
[BlackFideId "-1"]
[PlyCount "65"]
[GameId "2264921378919362"]
[EventDate "2025.??.??"]
[EventType "rapid"]
[SourceVersionDate "2026.01.27"]
[WhiteTeam "USA"]
[BlackTeam "USA"]
[WhiteClock "0:00:46"]
[BlackClock "0:02:16"]

{[%evp 0,65,25,24,71,61,62,64,92,82,90,45,62,52,59,28,48,27,31,16,45,42,39,39,46,30,43,35,34,29,155,150,150,36,71,14,25,-6,25,41,41,38,40,39,124,0,105,112,152,162,170,142,126,122,163,185,193,183,250,187,291,296,223,142,214,219,621,643]} 1. e4 d6 2. d4 Nf6 3. Nc3 g6 4. Be3 a6 5. f3 b5 6. h4 h5 7. Qd2 Nbd7 8. Nh3 Bb7 9. Ng5 c5 10. dxc5 dxc5 11. O-O-O e6 12. Ne2 ({I like the maneuver of the knight to f4, but White could also consider} 12. e5 $5 Nd5 (12... Nxe5 13. Qxd8+ Rxd8 14. Rxd8+ Kxd8 15. f4 ({Or} 15. Bf4 Nfd7 16. Bxe5 Nxe5 17. f4 Bg7 18. fxe5 Ke7 19. Nce4 $16) 15... Neg4 16. Nxf7+ Ke8 17. Nxh8 Nxe3 18. Nxg6 $16) 13. Nge4 Be7 (13... Nxe5 14. Bxc5 $14) (13... Nxc3 $4 14. Qxd7+ Qxd7 15. Nf6+ Kd8 16. Rxd7+ Kc8 17. bxc3 $18) 14. Bg5 Nxe5 15. Nxc5 $14) 12... Qb6 13. Nf4 Bg7 14. g3 Rd8 $6 (14... O-O) 15. Bh3 O-O (15... e5 16. Nfe6 fxe6 17. Nxe6 $16 {forking d8, g7, and c5. One weird example continuation:} Bf8 18. Bg5 $1 Rb8 (18... Be7 19. Nxd8 Qxd8 20. Bxf6 Nxf6 21. Qg5) 19. Nxf8 Nxf8 20. Qc3 $1 N6d7 21. Rxd7 Nxd7 22. Rd1 $18 {White, despite being down a rook, breaks through on e5.}) 16. Qf2 ({After all that build-up, why not make the breakthrough on e6?} 16. Nfxe6 $1 fxe6 17. Nxe6 (17. Qd6 Qxd6 18. Rxd6 Ne5 19. Bxe6+) 17... Rde8 18. Nxf8 ({Also} 18. Nxg7 Re7 (18... Kxg7 $2 19. Bxd7 Rd8 20. Bh6+ $18) 19. Bh6 (19. Nxh5 gxh5 20. Qd6 Qxd6 21. Rxd6 {is interesting.}) 19... Rff7 20. Qg5 $16 Rxg7 21. Bxg7 Rxg7 22. e5 Nh7 23. Qe3 Ndf8 24. Rd6 $16) 18... Nxf8 19. Qd6 $16 {White gets rook and two important pawns for the two minors. Black's pieces are suffering a bit of a traffic jam, and White's rooks look active and powerful.}) 16... Qc6 (16... Rfe8 {is an attempt to reinforce e6.}) 17. Qd2 $2 ({As this doesn't seem a likely position for an offer to draw by repetition, perhaps White wanted to journey one move into the past and revisit the sacrifice on e6? In any case, there was no need to reposition the queen for that, as even here} 17. Nfxe6 $1 fxe6 18. Bxe6+ Kh8 19. Bf4 {seems excellent compensation for the piece.}) 17... Rfe8 18. Qd6 Bf8 (18... Qxd6 19. Rxd6 Bf8 {and Black has equalized.}) 19. Qxc6 Bxc6 20. Nfxe6 $1 fxe6 21. Nxe6 Rb8 (21... Rxe6 22. Bxe6+ Kh7 23. Bf4 $14) 22. Bf4 (22. Nxf8 $1 Rxf8 (22... Nxf8 23. Rd6 Nxe4 24. fxe4 Bxe4 25. Rf1 $16) 23. Rd6 Rb6 24. Rhd1 $16) 22... Rb7 (22... Be7 23. Nc7 (23. Bxb8 Rxb8 24. Ng5 $13) 23... Rf8 24. Bd6 Bxd6 25. Rxd6 Ne5 $13 {Possibly the complications slightly favor White.}) 23. Nxf8 Rxf8 24. Rd6 Nb8 25. Bh6 Rff7 26. Be6 Kh7 $6 (26... Bd7 27. Bxf7+ Kxf7 28. Be3 $14) 27. Bxf7 Rxf7 28. Bf4 Bb7 29. e5 Nd5 (29... Bxf3 30. e6 Re7 31. Rf1 Bg4 (31... Bg2 32. Rf2 Ne4 33. Rxg2 Nxd6 34. Bxd6 Rxe6 (34... Re8 35. Rf2) 35. Bxb8 $18) 32. Bg5 $18) 30. e6 Rf8 31. Be5 (31. Bg5) 31... Re8 (31... Ne7 32. Rhd1 Kg8 33. Rd7 Nxd7 34. Rxd7 Nc6 35. Bd6 $16) 32. Rd1 Ne3 33. Rd8 1-0

[Event "19th Annual SPICE Cup Open"]
[Site "Seattle, WA, US"]
[Date "2025.11.21"]
[Round "4"]
[White "Corrales Jimenez, Fidel"]
[Black "Belous, Vladimir"]
[Result "1-0"]
[Annotator "Ralph Dubisch"]
[WhiteElo "2519"]
[BlackElo "2495"]
[WhiteFideId "-1"]
[BlackFideId "-1"]
[PlyCount "95"]
[GameId "2264921307046546"]
[EventDate "2025.??.??"]
[SourceVersionDate "2026.01.27"]
[WhiteTeam "USA"]
[BlackTeam "RUS"]
[WhiteClock "0:08:53"]
[BlackClock "0:10:04"]

{[%evp 0,95,30,30,45,44,52,39,31,40,60,43,77,72,87,61,70,38,43,31,80,48,50,45,59,67,76,62,62,81,45,42,46,52,58,72,64,47,79,31,62,56,64,37,41,47,17,19,6,14,14,20,20,18,18,0,59,67,59,59,84,-125,-126,-106,-95,-92,0,0,0,0,0,0,0,-25,227,215,269,278,286,285,290,278,298,282,327,344,383,383,387,383,383,387,493,493,493,493,29999,29999]} 1. e4 c5 2. Nf3 e6 3. d4 cxd4 4. Nxd4 Nc6 5. Nc3 Qc7 6. Be3 Nf6 7. Qd2 a6 8. O-O-O Bb4 9. f3 b5 ({It's fairly rare to play ...b5 this early. Far more often seen are the lines} 9... Ne5 10. Nb3 b5) ({and} 9... O-O 10. g4 b5 {.}) 10. Nxc6 Qxc6 11. Bd4 Be7 12. e5 $5 ({Introducing a significant change in the pawn structure. White could instead choose to begin kingside play with} 12. g4 {.}) 12... Nd5 13. Nxd5 Qxd5 14. Kb1 Bb7 15. Qe3 Bc5 16. Bc4 $1 ({A flashy way to force the exchange of minor pieces on White's terms. After a more quiet developing move, such as} 16. Be2 {,} Rc8 {makes} 17. Bxc5 $2 {unattractive.} Qxc5 $15 {leaves White with the worse bishop, multiple targets, and less coordinated forces. White has trouble hanging on to material here. For example:} 18. Qxc5 $2 Rxc5 19. f4 Bxg2 20. Rhg1 Be4 $17) ({White isn't forced to find 16.Bc4, though. In the line above, White can decline to capture 17.Bxc5, preferring 17.c3, perhaps, with a slight edge. The alternative} 16. h4 {here is also fine, gaining kingside space.} Rc8 17. h5 {starts to look positionally dangerous for Black.}) 16... Bxd4 17. Rxd4 Qc5 18. Bd3 Rc8 19. h4 Bd5 20. h5 h6 21. Rd1 O-O 22. c3 d6 23. f4 (23. exd6 Qxd6 (23... e5 24. d7 Rcd8 (24... Rc7 $4 25. Rxd5 Qxe3 26. d8=Q $18) 25. Re4 Qxe3 26. Rxe3 Rxd7 27. Rxe5 Rfd8 28. Re3 {and White may be able to drag a tiny plus into the endgame.}) 24. Bc2 $14) 23... Rfd8 (23... dxe5 24. fxe5 f5 25. exf6 Rxf6 $14) 24. g4 dxe5 25. fxe5 Qe7 26. Bc2 Qg5 27. Qd3 (27. Qxg5 hxg5 28. Bb3 Kf8 29. Bxd5 Rxd5 30. Rxd5 exd5 31. Rxd5 Ke7 {The proximity of the black king to the kingside pawns makes the extra white pawn of little value.}) 27... Qxe5 28. Rf1 Kf8 29. Qg6 Qc7 (29... Rd7 30. Rdf4 Rcc7 $13 {defends.}) 30. Qh7 (30. g5 $5 {can lead to serious complications, requiring evaluation of some pawn-down endings. Also some rook-down positions. Not easy.} Bxa2+ $1 31. Kc1 $1 (31. Kxa2 $6 Rxd4 32. gxh6 Qc4+ 33. Bb3 Qxf1 34. Qxg7+ Ke7 35. Qxd4 $13) (31. Ka1 Rxd4 32. gxh6 gxh6 33. Qxh6+ Ke8 34. Qh8+ Ke7 35. Qf6+ Ke8 36. h6 $13 {, likely favoring White.}) 31... Rxd4 32. gxh6 $1 gxh6 33. Qxh6+ Ke7 34. Qf6+ Kd6 35. Qxd4+ Bd5 36. h6 {and despite being down material, White's remote passed pawn combined with the less safe situation of the black king likely favors White.}) 30... Bxa2+ 31. Kxa2 Rxd4 32. Bb3 Rc4 $6 (32... Ra4+ 33. Bxa4 bxa4 34. Ka1 Qc4 35. Rf2 Qxg4 36. Qh8+ Ke7 37. Rxf7+ Kxf7 38. Qxc8 Qxh5 $15 {It isn't certain that Black has actual chances, but at least it's clear that White can't win.}) 33. g5 hxg5 34. Qh8+ Ke7 35. Qxg7 Rf8 36. h6 Re4 $2 ({Stockfish claims} 36... Qc5 {has better chances to save the game.}) 37. h7 Qe5 38. Rxf7+ $1 Rxf7 39. Qxe5 Rxe5 40. h8=Q Re2 41. Qh6 Rff2 42. Qxg5+ Kd7 43. Qg7+ Kc6 44. Qa7 Rxb2+ 45. Ka3 Rbe2 46. Qxa6+ Kc5 47. Qb7 e5 $2 (47... Kd6 48. Qxb5 Ke7 49. Bc4 $18) 48. Qc7# 1-0